| 000 | 01780nam a2200253Ia 4500 | ||
|---|---|---|---|
| 999 |
_c54803 _d54803 |
||
| 001 | 21872 | ||
| 003 | GE_BSU | ||
| 005 | 20220804130606.0 | ||
| 008 | 181216s ||||ge |||||||||||||| ||geo|| | ||
| 020 | _a9789941109676 | ||
| 040 | _cGE_BSU | ||
| 041 | _ageo | ||
| 080 | _a657(076.1) ბ-95 | ||
| 245 |
_aბუღალტრული აღრიცხვის საფუძვლები : _bპრაქტიკული სავარჯიშოები (საერთაშორისო პრაქტიკის მიხედვით) / _cავტ.ჯგუფი : ელენე ხარაბაძე, იზოლდა ჭილაძე, მარინე მაისურაძე [სხვ.] ; რედ. ელენე ხარაბაძე. |
||
| 264 |
_aთბილისი : _bმერიდიანი, _c2015. |
||
| 300 |
_a496 გვ. : _bცხრ. ; _c29 სმ. |
||
| 500 | _aწიგნი კარგ სამსახურს გაუწევს აღრიცხვის დარგის პრაქტიკოს მუშაკებს,რომელთაც სურვილი აქვთ გაეცნონ და ღრმად შეისწავლონ ბუღალტრული აღრიცხვის წესი საერთაშორისო სტანდარტების შესაბამისად | ||
| 541 | _h15ლ. | ||
| 653 | _aბუღალტერია | ||
| 653 | _aბუღალტრული აღრიცხვა | ||
| 653 | _a სავარჯიშოების კრებულები | ||
| 700 |
_aხარაბაძე, ელენე _eრედაქტორი _914506 |
||
| 942 |
_cBK _2udc |
||